Usporiadanie podľa zloženej vlastnosti

Opis syntetickej vlastnosti. Tradičné postupy viacrozmerného usporiadania. Metóda Mahalanobisovej vzdialenosti od fiktívneho bodu. Výsledky. Príklady. Expertné postupy viacrozmerného usporiadania. Transformácia skúmanej situácie do expertného hodnotenia. Príklady.

Salvato in:
Dettagli Bibliografici
Autore principale: Chajdiak, Jozef
Altri autori: Berčačinová, Zuzana
Natura: Capitolo di libro
Lingua:slovacco
Soggetti:
Tags: Aggiungi Tag
Nessun Tag, puoi essere il primo ad aggiungerne!!

MARC

LEADER 00000naa$a2200000$$$4500
001 0088514
005 20220715094007.4
041 0 |a slo 
044 |a SK 
245 1 0 |a Usporiadanie podľa zloženej vlastnosti  |c Jozef Chajdiak, Zuzana Berčačinová 
520 |a Opis syntetickej vlastnosti. Tradičné postupy viacrozmerného usporiadania. Metóda Mahalanobisovej vzdialenosti od fiktívneho bodu. Výsledky. Príklady. Expertné postupy viacrozmerného usporiadania. Transformácia skúmanej situácie do expertného hodnotenia. Príklady. 
610 2 0 |a metódy štatistické 
610 2 0 |a matice 
610 2 0 |a rozhodovanie 
610 2 0 |a efektívnosť 
610 2 0 |a štatistika 
610 2 0 |a štatistika aplikovaná 
100 1 |a Chajdiak, Jozef 
700 1 |a Berčačinová, Zuzana